Armorial des territoires français - Statistiques

Statistiques générales
  • Ce quiz a été pris 24 fois
  • Le résultat moyen est 15 sur 25
Statistiques - réponses
Par images Réponse % Correct
Corse
95%
Bretagne
86%
Normandie
86%
Occitanie
86%
Île-de-France
82%
Nouvelle-Aquitaine
77%
Alsace
73%
Auvergne-Rhône-Alpes
73%
Bourgogne-Franche-Comté
73%
Guadeloupe
68%
Mayotte
68%
Provence Alpes Côte d'Azur
68%
Centre-Val de Loire
59%
La Réunion
59%
Pays de la Loire
59%
Lorraine
55%
Polynésie Française
55%
Guyane
50%
Saint Pierre et Miquelon
50%
Savoie
50%
Wallis-et-Futuna
45%
Champagne-Ardenne
36%
Poitou-Charentes
23%
Saint Barthélémy
23%
Terres australes et antarctiques françaises
14%
Aucun quiz correspondant
Distribution des résultats
% des personnes avec chaque résultat
Percentile par nombre de réponses
Votre historique - résultats
Vous n’avez pas pris ce quiz